000 00387nam a2200145Ia 4500
008 090123s9999 xx 000 0 und d
082 _b38985
245 _aबालसंस्कार
250 _a1
260 _bअनघा प्रकाशन
_c2005
300 _a102
630 _aबालसंस्कार
730 _aबालसंस्कार
942 _cBOOK
999 _c77054
_d77054